Řízení ekonomiky Měsíční výběr z tisku socialistických zemí

Gespeichert in:
Bibliographische Detailangaben
Format: Schriftenreihe
Sprache:Tschechisch
Veröffentlicht: Praha Československá tisková kancelář 1985
Tags: Tag hinzufügen
Keine Tags, Fügen Sie das erste Tag hinzu!

MARC

LEADER 00000nas2a2200000 4500
001 s023981
005 20250730114131.9
041 0 |a cze 
044 |a CZ 
245 1 0 |a Řízení ekonomiky  |b Měsíční výběr z tisku socialistických zemí 
264 1 |a Praha  |b Československá tisková kancelář  |c 1985 
300 |a 1 zv. 
773 0 |w eu_un_cat*s120464